Forms design : A short note (Record no. 100580)

000 -LEADER
fixed length control field 00390pab a2200157 454500
008 - FIXED-LENGTH DATA ELEMENTS--GENERAL INFORMATION
fixed length control field 180718b1958 xxu||||| |||| 00| 0 eng d
100 ## - MAIN ENTRY--PERSONAL NAME
Personal name D'Souza, J.B.
245 ## - TITLE STATEMENT
Title Forms design : A short note
260 ## - PUBLICATION, DISTRIBUTION, ETC.
Date of publication, distribution, etc. 1958
300 ## - PHYSICAL DESCRIPTION
Extent p.333-341.
362 ## - DATES OF PUBLICATION AND/OR SEQUENTIAL DESIGNATION
Dates of publication and/or sequential designation Jul-Sep
650 ## - SUBJECT ADDED ENTRY--TOPICAL TERM
Topical term or geographic name entry element Public administration
773 ## - HOST ITEM ENTRY
Main entry heading Indian Journal of Public Administration
908 ## - PUT COMMAND PARAMETER (RLIN)
Put command parameter N
909 ## -
-- 100581
Holdings
Withdrawn status Lost status Damaged status Not for loan Permanent Location Current Location Date acquired Serial Enumeration / chronology Barcode Date last seen Price effective from Koha item type
        Indian Institute of Public Administration Indian Institute of Public Administration 2018-07-19 Volume no: 4, Issue no: 3 AR101041 2018-07-19 2018-07-19 Articles

Powered by Koha